000 00285nam a22001217a 4500
020 _a0-85229-163-9
082 _a030 GRE'H
100 _aPAGE, B.S,MACKENNA, S
_976491
245 _aPLOTINUS THE SIX ENNEADS
260 _aCHICAGO
_bWILLIAM BENTON
_c1952
300 _aV-17
942 _cBK
999 _c581882
_d581882